000 00449nam a2200157Ia 4500
999 _c20764
_d20764
003 OSt
005 20200624103124.0
008 190216s9999||||xx |||||||||||||| ||und||
040 _coclc
082 _a954
_bRAM/S
100 _aRam, P R
_93156
245 0 _aSecular Challenge To Communal Politics /
_cP R Ram
260 _bVikas Publications,
_c2000.
_aNew Delhi:
300 _a306p
942 _cBK
_2ddc
_h954
_iRAM/S
_k954
_mRAM/S